Catálogo público

Mujeres campesinas : (Record no. 83606)

MARC details
000 -CABECERA
campo de control de longitud fija 01578cam a22004097a 4500
003 - IDENTIFICADOR DEL NÚMERO DE CONTROL
campo de control CHAP
005 - FECHA Y HORA DE LA ÚLTIMA TRANSACCIÓN
campo de control 20220329142439.0
008 - DATOS DE LONGITUD FIJA--INFORMACIÓN GENERAL
campo de control de longitud fija 010226d2000 mx o r 00110 spa d
010 ## - NÚMERO DE CONTROL DE LA BIBLIOTECA DEL CONGRESO
Número de control de LC 83606
011 ## - ENLACE DEL NUMERO DE CONTROL DE LA BIBLIOTECA DEL CONGRESO [OBSOLETO]
Número de control de LC 84578
020 ## - NÚMERO INTERNACIONAL ESTÁNDAR DEL LIBRO
Número Internacional Estándar del Libro 9689393185
035 ## - NÚMERO DE CONTROL DEL SISTEMA
Número de control de sistema 95102
040 ## - FUENTE DE LA CATALOGACIÓN
Centro/agencia transcriptor CHAP
082 04 - NÚMERO DE LA CLASIFICACIÓN DECIMAL DEWEY
Número de clasificación 323.354
Número de documento/Ítem J4
100 00 - ENTRADA PRINCIPAL--NOMBRE DE PERSONA
Nombre de persona Jiménez Lozano, María Elena.
9 (RLIN) 61578
245 10 - MENCIÓN DE TÍTULO
Título Mujeres campesinas :
Resto del título desarrollo personal y colectivo con la investigación acción participativa
Mención de responsabilidad, etc. /por María Elena Jiménez Lozano
260 ## - PUBLICACIÓN, DISTRIBUCIÓN, ETC.
Lugar de publicación, distribución, etc. Puebla, Pue. :
Nombre del editor, distribuidor, etc. Colegio de Postgraduados. Campus Puebla,
Fecha de publicación, distribución, etc. 2000.
300 ## - DESCRIPCIÓN FÍSICA
Extensión 255 p :
Otras características físicas fots.
590 ## - NOTA LOCAL (RLIN)
Nota local BATCH-UPD
Procedencia (VM) [OBSOLETO] 10
Condición del los carretes individuales (VM) [OBSOLETO] 20130110
-- UCH01
-- 1014
590 ## - NOTA LOCAL (RLIN)
Nota local BATCH-UPD
Procedencia (VM) [OBSOLETO] 10
Condición del los carretes individuales (VM) [OBSOLETO] 20130410
-- UCH01
-- 0621
590 ## - NOTA LOCAL (RLIN)
Nota local BATCH-UPD
Procedencia (VM) [OBSOLETO] 10
Condición del los carretes individuales (VM) [OBSOLETO] 20130914
-- UCH01
-- 0938
590 ## - NOTA LOCAL (RLIN)
Nota local CONVERSION
Procedencia (VM) [OBSOLETO] 10
Condición del los carretes individuales (VM) [OBSOLETO] 20130109
-- UCH01
-- 1346
650 14 - PUNTO DE ACCESO ADICIONAL DE MATERIA--TÉRMINO DE MATERIA
Término de materia o nombre geográfico como elemento de entrada Ciencias sociales
Subdivisión general Investigación.
9 (RLIN) 23226
650 14 - PUNTO DE ACCESO ADICIONAL DE MATERIA--TÉRMINO DE MATERIA
Término de materia o nombre geográfico como elemento de entrada Investigación participativa.
9 (RLIN) 60254
650 14 - PUNTO DE ACCESO ADICIONAL DE MATERIA--TÉRMINO DE MATERIA
Término de materia o nombre geográfico como elemento de entrada Investigación
Subdivisión general Metodología.
9 (RLIN) 60237
650 14 - PUNTO DE ACCESO ADICIONAL DE MATERIA--TÉRMINO DE MATERIA
Término de materia o nombre geográfico como elemento de entrada Mujer en agricultura.
9 (RLIN) 79359
650 14 - PUNTO DE ACCESO ADICIONAL DE MATERIA--TÉRMINO DE MATERIA
Término de materia o nombre geográfico como elemento de entrada Mujer en comunidades rurales.
9 (RLIN) 79360
650 14 - PUNTO DE ACCESO ADICIONAL DE MATERIA--TÉRMINO DE MATERIA
Término de materia o nombre geográfico como elemento de entrada Mujer
Subdivisión general Situación social
Subdivisión geográfica Colima.
9 (RLIN) 79337
650 14 - PUNTO DE ACCESO ADICIONAL DE MATERIA--TÉRMINO DE MATERIA
Término de materia o nombre geográfico como elemento de entrada Trabajo de la mujer.
9 (RLIN) 114490
901 ## - ELEMENTOS DE DATOS A LOCAL LDA (RLIN)
a BK
905 ## - ELEMENTOS DE DATOS E LOCAL, LDE (RLIN)
a Edna Luz
942 ## - ELEMENTOS DE PUNTO DE ACCESO ADICIONAL (KOHA)
Tipo de ítem Koha Libro
949 ## - PROCESAMIENTO DE INFORMACIÓN LOCAL (OCLC)
a 323.354 J4
b BC
c LIBRO
d 33724000810552
e LIBRO
f c.4
h 99810
i 95102
s i
949 ## - PROCESAMIENTO DE INFORMACIÓN LOCAL (OCLC)
a 323.354 J4
b BC
c LIBRO
d 33724000818217
e LIBRO
h 99772
i 95102
s i
949 ## - PROCESAMIENTO DE INFORMACIÓN LOCAL (OCLC)
a 323.354 J4
b BC
c LIBRO
d 33724000818274
e LIBRO
f c.2
h 99773
i 95102
s i
949 ## - PROCESAMIENTO DE INFORMACIÓN LOCAL (OCLC)
a 323.354 J4
b BC
c UACH
d 33724000818696
e UACH
f c.3
h 99774
i 95102
s b
Holdings
Estado de retiro Estado de pérdida Fuente del sistema de clasificación o colocación Estado dañado Restricciones de uso No para préstamo Código de colección Localización permanente Ubicación/localización actual Ubicación en estantería Fecha de adquisición Información codificada de la localización en otra ubicación Total de préstamos Signatura topográfica completa Código de barras Fecha visto por última vez Número de copia Precio válido a partir de Tipo de ítem Koha
    Dewey Decimal Classification   Préstamo 15 días   General Biblioteca Central Biblioteca Central Planta alta - Colección General 31/12/2019 LIBRO   323.354 J4 33724000810552 31/12/2019 c.4 31/12/2019 Libro
    Dewey Decimal Classification   Préstamo 15 días   General Biblioteca Central Biblioteca Central Planta alta - Colección General 31/12/2019 LIBRO   323.354 J4 33724000818217 31/12/2019   31/12/2019 Libro
    Dewey Decimal Classification   Préstamo 15 días   General Biblioteca Central Biblioteca Central Planta alta - Colección General 31/12/2019 LIBRO   323.354 J4 33724000818274 31/12/2019 c.2 31/12/2019 Libro
    Dewey Decimal Classification   Préstamo interno   Publicaciones UACh Biblioteca Central Biblioteca Central Planta alta - Área de Tesis - UACh 31/12/2019 LIBRO   323.354 J4 33724002583152 31/12/2019 c.3 31/12/2019 Libro